000 01212nam0a22002651 4500
001 rc\2880145
005 20110719150651.0
035 _a(NLR Aleph) 007033031
090 _a6022246
_c6022246
100 _a20110719d1928 |||y0rusy50 ca
101 1 _arus
_cger
102 _aRU
105 _aae z |||||
200 1 _aОрганизация, планомерное оборудование и использование операционной
_gПер. с нем. д-ра мед. Б.Е. Гершуни
_dOrganisation und ordnungsgemässer betrieb des operationssaals
_gvon prof. d-r Max Kappis, 1927
_eС 28 рис. в тексте
_fпроф. Max Kappis. Ганновер. М. Каппис
210 _aЛенинград
_cизд-во "Практическая медицина"
_d1928
_gЛенингр. коммун. типо-литогр.
215 _a104 с.
_cил., черт., план.
_d24×16 см
510 0 0 _aOrganisation und ordnungsgemässer betrieb des operationssaals
700 1 _aКаппис
_bМ.
_gМакс
702 1 _aГершуни
_bБ. Е.
_4730
801 0 _aRU
_bNLR
_gpsbo
801 1 _aRU
_bELAR
_2rusmarc
852 _aNLR
_j56/469
852 _aNLR
_j93/1541
942 _cBOOK
980 _aNB